[Event "GER-ch 75th"]
[Site "Hoeckendorf"]
[Date "2004.02.03"]
[Round "6"]
[White "Muse, Mladen"]
[Black "Kritz, Leonid"]
[Result "0-1"]
[WhiteElo "2452"]
[BlackElo "2534"]
[Annotator "Finkel,A"]
[PlyCount "84"]
[EventDate "2004.01.30"]
[EventType "swiss"]
[EventRounds "9"]
[EventCountry "GER"]
[SourceTitle "CBM 100"]
[Source "ChessBase"]
[SourceDate "2004.06.01"]
[SourceVersion "1"]
[SourceVersionDate "2004.06.01"]
[SourceQuality "1"]

1. d4 Nf6 2. Nf3 e6 3. e3 c5 4. Bd3 d5 5. O-O Nc6 6. c3 Be7 7. Nbd2 O-O 8. Qe2
b6 9. Ne5 (9. e4 $5 cxd4 10. e5 Ng4 11. cxd4 Nb4 12. Bb5 a6 13. Ba4 Bd7 14.
Bxd7 Qxd7 $11) 9... Nxe5 10. dxe5 Nd7 11. f4 c4 (11... g6 12. c4 Bb7 13. e4
dxc4 14. Bxc4 Nb8 15. Nf3 Nc6 16. Rd1 Qc7 17. f5 $16 {Seeger,W-Martin,S/
Germany 1994/GER-chT2}) (11... f5 12. exf6 Nxf6 13. e4 Kh8 14. e5 Ng8 15. Rf3
g6 16. Rh3 $36 {Lesecq,P-Picarda,L/Paris 1994}) (11... Bb7 12. e4 Qc7 13. exd5
Bxd5 14. c4 Bb7 15. b3 Nb8 16. Bb2 Nc6 $13 {Kukofka,D-Martin,S/Baden 1996}) 12.
Bc2 Nc5 13. Rf3 Nd3 $5 {I doubt that this pawn sacrifice is the best way to
play in the position, but it's not so easy for white to adjust to the new
character of the position.} 14. Bxd3 (14. Rh3 $5 Ba6 15. Qh5 h6 16. Nf3 Qc7 17.
Bxd3 cxd3 18. Bd2 $36 {[%cal Ga1f1,Gf3d4,Gf1f3,Gf3g3]}) 14... cxd3 15. Qxd3 a5
16. a4 $6 {Strange decision to put it mild.} (16. Rh3 g6 17. Nf3 Ba6 18. Qd1 f6
19. Bd2 Qc7 20. exf6 Bxf6 21. Be1 $14) 16... Ba6 17. Qc2 f6 18. Rh3 g6 19. Nf3
fxe5 20. Nxe5 Bf6 21. Ng4 Bg7 22. Bd2 Qc7 23. Be1 (23. Re1 Rad8) 23... Qc4 24.
Bf2 (24. Bh4 Qe2 25. Qxe2 Bxe2 26. Nf2 Rfb8 27. Be7 b5 28. axb5 Rxb5 29. Ba3
Bf8 $44) 24... Ra7 25. Nh6+ $6 {Despite of the fact that this move is a waste
of time white faces no problems.} (25. Bh4) 25... Kh8 26. Ng4 Qe4 27. Qxe4 dxe4
28. Bh4 Rd7 29. Nf2 $6 (29. Ne5 Bxe5 (29... Rd2 $4 30. Nxg6+ hxg6 31. Be1+ $18)
30. fxe5 Rd2 31. Bf6+ Kg8 32. Rh4 Bd3 $11) 29... Bb7 30. Rd1 (30. Bg5) 30...
Rxd1+ 31. Nxd1 Rf7 $1 $36 {[%cal Gf7d7,Gd7d2]} 32. Be1 Bc6 33. Nf2 Rb7 34. Rg3
b5 35. axb5 (35. Rg5 e5 36. axb5 Rxb5 37. b4 a4 38. c4 Rb8 39. fxe5 a3 40. b5
a2 41. Bc3 Bxb5 42. cxb5 Rc8 $19) 35... Rxb5 36. Rg5 $2 (36. Nd1 a4 37. Rg5 e5
38. c4 Rb8 39. Kf1 Bf6 40. Bc3 Rd8 41. Ke1 Bxg5 42. Bxe5+ Kg8 43. fxg5 $15)
36... Rxb2 $19 37. Rc5 Bb7 38. Ng4 a4 39. Ra5 Rb1 40. Kf2 Rxe1 41. Rb5 Rf1+ $1
42. Kg3 h5 0-1

[Event "Moscow Aeroflot op-A"]
[Site "Moscow"]
[Date "2004.02.18"]
[Round "2"]
[White "Narciso Dublan, Marc"]
[Black "Berkes, Ferenc"]
[Result "1/2-1/2"]
[WhiteElo "2517"]
[BlackElo "2602"]
[Annotator "Finkel,A"]
[PlyCount "89"]
[EventDate "2004.02.17"]
[EventType "swiss"]
[EventRounds "9"]
[EventCountry "RUS"]
[SourceTitle "CBM 100"]
[Source "ChessBase"]
[SourceDate "2004.06.01"]
[SourceVersion "1"]
[SourceVersionDate "2004.06.01"]
[SourceQuality "1"]

1. d4 Nf6 2. Nf3 e6 3. e3 b6 4. Bd3 Bb7 5. O-O d5 6. Ne5 Be7 7. Nd2 O-O 8. b3
Ne4 (8... Nbd7 9. f4 Ne4 10. Nxe4 dxe4 11. Bc4 Bd5 12. Ba6 Nb8 13. Be2 $14 {
Jussupow,A-Burnett,R/Philadelphia 2002}) 9. f3 $6 {After this move the white
knight is forced to retreat to g4, which seems to be not the best spot for it.}
(9. Nxe4 dxe4 10. Bc4 (10. Be2 Nd7 11. Bb2 f5 12. Nxd7 Qxd7 13. f3 Rad8 14.
fxe4 Bxe4 $15 {Granados Gomez,M-Campora,D/Cala Galdana 2001}) 10... Bd5 11. f3
exf3 12. Bxd5 Qxd5 13. c4 Qe4 14. Rxf3 Bd6 15. Rf4 Qb7 16. Qh5 $36 {Alvarado
Ascanio,F-Garcia Padron,J/Las Palmas 1996}) 9... Nxd2 (9... Nd6 10. Qe2 c5 11.
Bb2 f6 12. Ng4 Nc6 13. c4 Rc8 14. Rac1 $14 {Steiner,E-Euwe,M/Budapest 1921/HCL}
) 10. Qxd2 f6 11. Ng4 {[%csl Rg4]} c5 12. Bb2 (12. c4 Nc6 13. cxd5 exd5 14. Bb2
) 12... Nc6 13. a3 Qd6 {The position is about equal, but the black pieces are
slightly better cordinated.} 14. f4 $5 a5 15. Rf3 Ba6 16. Bxa6 Rxa6 17. Rh3 Ra7
(17... f5 $6 18. dxc5 $1 Qxc5 19. Nh6+ gxh6 (19... Kh8 20. Qe2 Ra7 21. Qh5 d4
22. Ng4) 20. Rg3+ Kf7 21. Qe2 $16 {[%cal Ge2h5]}) 18. Rf1 cxd4 19. exd4 f5 (
19... b5) 20. Ne5 Nxe5 21. fxe5 Qd7 $15 {Black has better chances due to some
pressure on the queenside.} 22. Qd1 g6 23. g4 $6 fxg4 24. Rxf8+ Bxf8 25. Qxg4
Rc7 26. c3 Qe8 (26... b5 27. Rf3) 27. a4 Rf7 28. Bc1 b5 29. axb5 Qxb5 30. c4
Qb4 $2 {Letting white to escape.} (30... dxc4 $1 31. Qxe6 Qb4 32. Kg2 Qe1 33.
Qxc4 Qf2+ 34. Kh1 Qf1+ 35. Qxf1 Rxf1+ 36. Kg2 Rxc1 $19) 31. Qe2 dxc4 32. bxc4
Rc7 33. Ba3 Qxc4 34. Qxc4 Rxc4 35. Bxf8 Kxf8 36. d5 $8 Rc1+ $6 (36... exd5 37.
Rxh7 Re4 38. Ra7 Rxe5 39. Rxa5 Kf7 $17) 37. Kf2 Rc2+ 38. Kf1 exd5 39. Rxh7 $11
a4 40. Ra7 Rxh2 41. Rxa4 Rh5 42. Ra8+ Ke7 43. Ra7+ Ke8 44. e6 Re5 45. Rd7
1/2-1/2

[Event "Solin 9th"]
[Site "Solin/Split"]
[Date "2001.12.08"]
[Round "1"]
[White "Kovacevic, Vlatko"]
[Black "Stevic, Hrvoje"]
[Result "1-0"]
[WhiteElo "2499"]
[BlackElo "2511"]
[Annotator "Finkel,A"]
[PlyCount "71"]
[EventDate "2001.12.08"]
[EventType "tourn"]
[EventRounds "9"]
[EventCountry "CRO"]
[EventCategory "12"]
[SourceTitle "CBM 087"]
[Source "ChessBase"]
[SourceDate "2002.03.21"]
[SourceVersion "1"]
[SourceVersionDate "2002.03.21"]
[SourceQuality "1"]

1. d4 Nf6 2. Nf3 c5 3. e3 d5 4. Nbd2 Nc6 5. Bb5 {White's idea is not to fight
for opening advantage, but to deviate from long theoretical lines and to play
chess from very begining.} (5. Bd3 Bg4 6. c3 e5 7. dxe5 Nxe5 8. Be2 Nxf3+ $11 {
Janowski,D-Suechting,H/Prague 1908/HCL}) (5. Be2 Bf5 6. dxc5 e5 7. Bb5 Qc7 8.
b4 e4 9. Nd4 Bg4 10. f3 exf3 11. gxf3 Bd7 12. Bxc6 bxc6 13. Bb2 Rb8 14. Bc3 $16
{Janowski,D-Marshall,F/Ostende 1907/HCL}) (5. c3 cxd4 6. exd4 Bf5 7. Be2 e6 8.
Nf1 Bd6 9. Ng3 Bg6 10. O-O O-O $11 {Jussupow,A-Goldin,A/Tilburg 1992}) 5... e6
(5... Qb6 6. Qe2 (6. c4 e6 7. O-O Bd7 8. Nb3 dxc4 9. Bxc4 cxd4 10. exd4 Nb4 11.
Qe2 Be7 $13 {Kovacevic,V-Marinkovic,S/Pula 1993/EXT 99}) 6... Bd7 7. c3 g6 8.
O-O Bg7 9. Bd3 O-O 10. dxc5 Qxc5 11. e4 dxe4 12. Nxe4 Nxe4 13. Bxe4 Rad8 $11 {
Ulvestad,O-Levin,J/New York 1946/EXT 99}) 6. O-O Be7 7. b3 O-O 8. Bb2 a6 $6 {
I guess white would take on c6 in any case so there was no need to force him
to do so.} (8... Qc7 $5) 9. Bxc6 bxc6 10. dxc5 Bxc5 11. c4 Bb7 12. Qc2 (12. Qe2
$5) 12... Qe7 13. e4 {The arising position is probably about equal, but it's
easier to play it with white, mainly because of the fact that he has clear
plan of attack on the kingside.} Rfd8 (13... dxe4 $5 14. Nxe4 (14. Ng5 $5)
14... Nxe4 15. Qxe4 Bd6 16. Rad1 c5 17. Qg4 f6 $132) 14. Rad1 Rac8 15. e5 $5 {
This move is a signal to attack on the kingside.} Nd7 16. Ne1 a5 (16... Bb6 17.
Nd3 c5 18. f4 Bc7 19. Kh1 d4 $13) 17. Nd3 Bb6 18. Kh1 Ba6 19. f4 Nc5 $6 {
Knight's place is on f8 to defend his king.} 20. Ba3 Qa7 21. Nf2 $5 ({After} 
21. Nxc5 $6 Bxc5 22. Bxc5 Qxc5 {black has at least an equality.}) 21... Nd7 (
21... a4 $5 22. Nh3 h6 $132) 22. Nh3 Bc5 $6 {I think black still could play 22.
..h6 with mutual chanses.} 23. Ng5 Nf8 24. Bxc5 Qxc5 25. f5 $1 $40 {[%csl Rf7]}
h6 $6 (25... Qe3 $2 26. Nxf7 $1 Kxf7 27. fxe6+ Kg8 (27... Kxe6 28. Qf5+ Ke7 29.
Qf7#) 28. e7 Re8 29. Rde1 Qg5 30. exf8=Q+ Rxf8 31. Rxf8+ Rxf8 32. Nf3 $16) 26.
fxe6 $1 hxg5 $8 (26... fxe6 $2 27. Rxf8+ Kxf8 (27... Qxf8 28. Qh7#) 28. Nxe6+
$18) 27. exf7+ Kh8 28. Qf5 Qe7 (28... dxc4 29. bxc4 Qe7 $132) 29. Qh3+ Nh7 30.
e6 $16 {[%cal Gd2f3,Gf3e5,Ge5g6]} dxc4 (30... Rd6 $6 31. c5 Rxe6 32. f8=Q+ Rxf8
33. Rxf8+ Qxf8 34. Qxe6 $18) 31. Nf3 Rxd1 ({Doesn't save} 31... cxb3 32. Ne5
Qf6 33. Rxd8+ Rxd8 34. Ng6+ $1 Qxg6 35. f8=R+ Rxf8 36. Rxf8#) 32. Rxd1 Rd8 33.
Re1 $1 $18 g6 (33... g4 34. Ne5 $1 {[%cal Ge5g6]} Qxe6 35. Qh5 $18) 34. Ne5 Kg7
35. Nxc6 g4 36. Qc3+ {[%csl Rd8,Re7]} 1-0

[Event "American Continental 2nd"]
[Site "Buenos Aires"]
[Date "2003.08.17"]
[Round "1"]
[White "Whatley, Andrew"]
[Black "Vescovi, Giovanni P"]
[Result "0-1"]
[WhiteElo "2323"]
[BlackElo "2618"]
[Annotator "Finkel,A"]
[PlyCount "100"]
[EventDate "2003.08.17"]
[EventType "swiss"]
[EventRounds "11"]
[EventCountry "ARG"]
[SourceTitle "CBM 097"]
[Source "ChessBase"]
[SourceDate "2003.11.11"]
[SourceVersion "1"]
[SourceVersionDate "2003.11.11"]
[SourceQuality "1"]

1. d4 Nf6 2. Nf3 e6 3. e3 b6 4. Bd3 Bb7 5. O-O Be7 6. Nbd2 d5 7. b3 c5 8. Ne5
O-O 9. Bb2 Nbd7 10. Qe2 Rc8 11. f4 Ne4 (11... Qc7 12. Nxd7 Qxd7 13. dxc5 Rxc5
14. Rad1 Rfc8 15. f5 $36 {Szmacinska,G-Delaney,A/Thessaloniki 1988}) 12. Nxe4 (
12. Bxe4 dxe4 13. c4 f5 14. Rad1 Nxe5 15. dxe5 Qc7 16. Nb1 Rcd8 17. Nc3 a6 18.
g4 $14 {Lematschko,T-Thorsteinsdottir,G/Thessaloniki 1984}) (12. a3 f5 13. Ndf3
Nxe5 14. Nxe5 Bf6 15. Bxe4 fxe4 16. dxc5 bxc5 17. Rfd1 Qe7 $13 {Frech,S-Fuchs,
K/Germany 1992/GER}) (12. c4 f6 13. Nxd7 Qxd7 14. Rad1 Nxd2 15. Rxd2 f5 16. g4
Qc6 17. Qf3 fxg4 18. Qxg4 $14 {Giacomini,M-Bianchi,A/Padova 1998}) 12... dxe4
13. Bb5 $5 Nf6 $6 {Underestimating white's idea. It was necessary to play} (
13... Nxe5 14. dxe5 Qc7 15. a4 Rcd8 16. a5 Bd5 $14) 14. Rad1 $1 (14. dxc5 Rxc5
15. Bd4 Rc8 16. Rfd1 Qc7 17. c3 Rfd8 18. Ng4 Nxg4 19. Qxg4 g6 20. Bc4 Bd5 21.
Ba6 Bb7 22. Bc4 Bd5 23. Ba6 {1/2-1/2 Cuesta Bustos,S-Manzaneda Avila,P/Mancha
Real 2000/EXT 2001 (23)}) 14... Qc7 15. dxc5 Qxc5 ({No better is} 15... Bxc5
16. Nd7 Nxd7 (16... Nd5 $2 17. Rxd5 $1 exd5 18. Nf6+ $1 {[%csl Rg8]} Kh8 19.
Qh5 h6 20. Qf5 (20. Nxd5 $2 Qd6 {[%csl Gh6]}) 20... g6 21. Qh3 $18) 17. Bxd7 $1
Rcd8 18. Be5 Qxd7 19. Rxd7 Rxd7 $16 {with clear advnatge for white.}) 16. Nd7
Nxd7 17. Rxd7 Bc6 18. Bxc6 Rxc6 19. c4 Rc7 $6 {Once again black chooses not
the best reply.} (19... a5 $142 20. Bd4 Qa3 21. Qg4 g6 22. f5 exf5 23. Rxf5 $36
) 20. b4 $1 Qc6 (20... Qxc4 $2 21. Qxc4 Rxc4 22. Rxe7 $18) 21. Qg4 $1 f6 (21...
g6 $2 22. Rxe7 $1 Rxe7 23. Bf6 $1 Rd7 24. Qg5 $18 {[%cal Gg5h6]}) 22. Rxc7 Qxc7
23. Qxe6+ $18 {Now white is just a pawn up.} Kh8 24. Rd1 $6 (24. a3) 24... Bxb4
25. Rd7 $6 (25. Qxe4) 25... Qc8 26. Qd5 Bc5 27. Bd4 Bxd4 28. Qxd4 (28. exd4 $6
Qe8 29. f5 e3 30. Qe6 Qh5 31. Qxe3 Qd1+ 32. Kf2 Qc2+ $13) 28... h6 29. h3 (29.
Rxa7 $16) 29... Qa6 30. c5 Qa3 31. c6 $2 (31. cxb6 axb6 32. Qxe4 Qxa2 33. Rb7
$16) 31... Qc1+ 32. Kh2 Qxc6 $11 33. Rxa7 Re8 34. Rd7 b5 35. Ra7 Ra8 36. Re7
Re8 37. Ra7 Qe6 $6 38. Kg3 $6 (38. Qc5 $1 Rb8 39. Rxg7 Kxg7 40. Qc7+ Qf7 41.
Qxb8) 38... Rc8 39. Qb4 Qb6 $36 40. Ra3 f5 41. Rc3 Rd8 42. Rc2 $4 {[%csl Re3]}
(42. Kh2 $11) 42... Qxe3+ $19 43. Kh2 Qxf4+ 44. g3 Qf1 45. g4 Qf4+ 46. Kg2 Qf3+
47. Kh2 fxg4 48. hxg4 Rd1 49. Rg2 Qf4+ 50. Rg3 Qf2+ 0-1

[Event "Olympiad-36"]
[Site "Mallorca"]
[Date "2004.10.20"]
[Round "6"]
[White "Mamedyarov, Shakhriyar"]
[Black "Volokitin, Andrei"]
[Result "1/2-1/2"]
[WhiteElo "2660"]
[BlackElo "2652"]
[Annotator "Finkel,A"]
[PlyCount "75"]
[EventDate "2004.10.15"]
[EventType "team-swiss"]
[EventRounds "14"]
[EventCountry "ESP"]
[SourceTitle "CBM 104"]
[Source "ChessBase"]
[SourceDate "2005.01.27"]
[SourceVersion "1"]
[SourceVersionDate "2005.01.27"]
[SourceQuality "1"]
[WhiteTeam "Azerbaijan"]
[BlackTeam "Ukraine"]
[WhiteTeamCountry "AZE"]
[BlackTeamCountry "UKR"]

1. d4 Nf6 2. Nf3 e6 3. e3 {Not the most ambitious set up, but quite a tricky
one though.} c5 4. Bd3 Nc6 5. O-O d5 6. c3 Bd6 (6... Be7 7. Nbd2 O-O 8. Qe2 b6
9. Ne5 (9. e4 $5 cxd4 10. e5 Ng4 11. cxd4 Nb4 12. Bb5 a6 13. Ba4 Bd7 14. Bxd7
Qxd7 $11) 9... Nxe5 10. dxe5 Nd7 11. f4 c4 12. Bc2 Nc5 13. Rf3 Nd3 $5 {Muse,
M-Kritz,L/Hoeckendorf 2004}) 7. dxc5 Bxc5 8. Nbd2 O-O 9. e4 Qc7 10. Qe2 h6 11.
Bc2 Bb6 {It's not so easy for white to come up with usefull moves, since both
12.e5 and 12.e:d5 promise black a very comfortable play to say the least.} (
11... Rd8 12. h3 (12. exd5 exd5 13. Nb3 Bb6 14. Be3 Bxe3 15. Qxe3 Re8 16. Qd3
$14 {Birkenmaier,R-Meyer,M/Schwaebisch Gmuend 2003}) 12... Nh5 13. Qb5 Bb6 14.
Nc4 dxc4 15. Qxh5 e5 16. Nh4 Ne7 $13 {Lazic,M-Sale,S/Ljubljana 1995}) (11... a6
12. e5 Ng4 13. Nb3 Ba7 14. Bf4 f6 15. Qd3 f5 16. h4 g5 17. hxg5 hxg5 18. Nxg5
Qg7 $40 {Pablo Marin,A-Roeder,M/Barbera 1997}) (11... Re8 12. Kh1 a6 13. h3 b6
14. e5 Nd7 15. Re1 Bf8 16. Nb3 Bb7 17. Nbd4 $14 {Pelikian,J-Valle,A/Brasilia
1997}) (11... Ng4 12. h3 Nge5 13. exd5 exd5 14. Nxe5 Nxe5 15. Nf3 Ng6 16. Kh1
Bd7 17. Qd3 $14 {Pelikian,J-Thompson,I/Groningen 1997}) (11... b6 12. h3 a5 13.
exd5 exd5 14. Nb3 Re8 15. Qd1 Bb7 16. Nbd4 Nxd4 17. Nxd4 Ne4 18. Be3 $14 {
Bente,B-Kose,S/Antalya 2004}) 12. a4 (12. Kh1 Bd7 13. h3 Nh5 14. Nb3 Nf4 $6 15.
Bxf4 Qxf4 16. exd5 exd5 17. Qd3 g6 18. Qxd5 Rad8 19. Qd2 $14 {Etchegaray,
P-Estremera Panos,S/Zaragoza 1992}) 12... a6 13. g3 $6 {This plan is just too
slow. I guess white has no choice, but to try} (13. h3 {threatening to push e5.
}) 13... Bd7 14. Kg2 (14. exd5 exd5 15. Nb3 Bh3 16. Rd1 Rfe8 17. Qd3 Ne4 18.
Nbd4 Qd7 $36) 14... Rad8 15. h3 e5 {It's obvious that black is the one who
fights for an opening advantage.} (15... dxe4 16. Nxe4 Nd5 17. Rd1 Ba7 $15) 16.
exd5 Nxd5 17. Nc4 Qc8 $1 $15 {[%csl Rh3] Forcing the white rook to come to h1.}
18. Rh1 Bc7 {[%cal Gf7f5,Ge5e4]} 19. Qe4 {Otherwise black would play f5 with
enormous pressure.} Nf6 20. Qh4 Bf5 21. Bxf5 Qxf5 22. Ne3 Qe6 23. Qc4 (23. Ng4
Nxg4 24. hxg4 e4 25. Nh2 Rd5 $17) 23... Nd5 $6 {This move seems to be an
inaccuracy. Trading the pieces just makes white's defensive task easier.} (
23... e4 24. Nd2 Qe7 $15) 24. Nxd5 Rxd5 25. Re1 Bb6 26. Be3 e4 $5 (26... Bxe3
27. Rxe3 Rfd8 28. Rae1 Qd6 $15) 27. Ng5 hxg5 28. Bxb6 Ne5 29. Qxe4 f5 30. Qc4
Rf6 (30... Nxc4 31. Rxe6 Nxb2 32. Bd4 $14) 31. Qb3 f4 32. g4 f3+ 33. Kg1 Rf4
34. Rxe5 (34. Kf1) 34... Rxe5 (34... Rxg4+ $5 35. Kf1 Rxe5 36. Qxe6+ Rxe6 37.
hxg4 Rxb6 38. Ra2 Rh6 39. Ke1 Rh4 40. Kd2 Rxg4 41. Ke3 Rf4 42. a5 $15) 35.
Qxe6+ Rxe6 36. Be3 Rfe4 37. Kh2 Rxe3 38. fxe3 1/2-1/2

[Event "YUG-ch 56th"]
[Site "Herceg Novi"]
[Date "2001.04.06"]
[Round "13"]
[White "Kosic, Dragan"]
[Black "Todorovic, Goran M"]
[Result "0-1"]
[WhiteElo "2504"]
[BlackElo "2485"]
[Annotator "Finkel,A"]
[PlyCount "94"]
[EventDate "2001.03.23"]
[EventType "tourn"]
[EventRounds "15"]
[EventCountry "YUG"]
[EventCategory "10"]
[SourceTitle "CBM 083"]
[Source "ChessBase"]
[SourceDate "2001.07.05"]
[SourceVersion "1"]
[SourceVersionDate "2001.07.05"]
[SourceQuality "1"]

1. d4 {Hecht.} d5 2. Nf3 e6 3. e3 c5 4. b3 Nc6 5. Bb2 Nf6 6. Bd3 (6. Nbd2 Bd6
7. a3 O-O 8. Bd3 b6 9. O-O Bb7 10. Ne5 Nd7 11. Nxd7 Qxd7 $11 {Manak,J-Pokorna,
R/SVK-chT 1995}) 6... Bd6 (6... Bd7 7. O-O Qb6 8. Nbd2 Nb4 9. Be2 Rc8 10. c3
Nc6 11. Ne5 cxd4 12. exd4 $11 {Kirkwood,R-Laker,L/Deloitte & Touche Tohmatsu
Int. 1999}) 7. O-O O-O 8. Nbd2 (8. a3 b6 9. Ne5 Bb7 10. f4 Rc8 11. Nd2 cxd4 12.
exd4 Bb8 13. Rf3 $36 {Masar,M-Ligart,T/SVK-ch U16 1997}) 8... Qe7 (8... b6 9.
c4 Nb4 10. Qe2 Bb7 11. a3 Nxd3 12. Qxd3 Ne4 $11 {Kiss,H-Katona,E/HUN-chJW U16
1994}) 9. Ne5 cxd4 10. exd4 Qc7 $5 {Losing a tempo, but managing to exchange
the lightsquared bishop, which is very important piece for white's attack.} 11.
Re1 Nb4 {[%csl Rc2,Rd3]} 12. Re3 (12. Ba3 $6 Qb6 13. c3 Nxd3 14. Bxd6 Nxf2 $1
$15 {[%cal Gf2d1]}) 12... Nxd3 13. Rxd3 Bd7 14. Rh3 b5 {Without thee bishop
white's attack isn't dangerous that's why black starts an actions on the
queenside.} 15. Nf1 a5 16. Ng3 Rfc8 17. Rc1 Be8 18. Nh5 Nxh5 $5 (18... Ne4 19.
Qg4 f5 20. Qf4 b4 $15) 19. Qxh5 h6 $15 20. Qe2 {Admitting that the attacking
attempt has failed.} a4 21. Nd3 b4 22. c4 $5 bxc3 23. Rxc3 Qe7 24. Rxc8 Rxc8
25. Nc5 axb3 (25... Bxc5 26. dxc5 Qxc5 27. Rc3 Qxc3 28. Bxc3 Rxc3 29. Qd2 d4
30. bxa4 Bxa4 $15) 26. Rxb3 (26. Nxb3 $1 $15) 26... e5 27. Rb7 (27. Nb7 exd4 $5
28. Qxe7 Bxe7 29. Kf1 Rc2 $17) 27... Qg5 28. g3 Bxc5 29. dxc5 d4 $17 {[%csl
Rc5][%cal Ge8c6]} 30. Rb6 Qf5 $1 {[%cal Gf5b1]} 31. f4 (31. Ba3 Bc6 32. Rb2 Rd8
33. Rd2 e4 $17 {[%cal Ge4e3,Gf5e4]}) 31... exf4 32. Bxd4 f3 33. Qe5 Qxe5 34.
Bxe5 Rxc5 $19 {[%csl Gf3] Hecht: '[#] Schwarz mobilisiert mit
Königsunterstützung seine Bauernmasse am Königsflügel '} 35. Bd6 Rc1+ 36. Kf2
Bc6 37. Rb2 g5 {[%cal Gg5g4]} 38. g4 $8 (38. h4 $5 {Hecht bedeutet Hoffen auf
eine Art Festung}) 38... f6 39. Bg3 Kf7 40. Rd2 Kg6 41. Ke3 h5 42. gxh5+ Kxh5
43. Rd6 f5 44. Kd2 Rc4 45. Be1 (45. Rd3 {Hecht} f4 46. Bf2 Kg4 47. Rd4 Rxd4+
48. Bxd4 Kh3 $19 {[%cal Rh3g2,Rg5g4,Rg4g3]}) 45... f4 46. Kd3 Re4 47. Bf2 Re2
0-1

[Event "EU-ch 2nd"]
[Site "Ohrid"]
[Date "2001.06.01"]
[Round "1"]
[White "Krasenkow, Michal"]
[Black "Rechlis, Gad"]
[Result "1-0"]
[WhiteElo "2655"]
[BlackElo "2525"]
[Annotator "Finkel,A"]
[PlyCount "107"]
[EventDate "2001.06.01"]
[EventType "swiss"]
[EventRounds "13"]
[EventCountry "YUG"]
[SourceTitle "CBM 084"]
[Source "ChessBase"]
[SourceDate "2001.09.13"]
[SourceVersion "1"]
[SourceVersionDate "2001.09.13"]
[SourceQuality "1"]

1. d4 Nf6 2. Nf3 e6 3. e3 c5 4. Bd3 d5 5. b3 Qa5+ 6. c3 (6. Nbd2 cxd4 7. exd4
Bb4 8. O-O {8.Bb2 Bc3=} Bc3 9. b4 $1 {9.Rb1 Nc6-+} Qc7 $5 (9... Qb6 10. Rb1 Nc6
11. Rb3 $1 Bxd4 12. b5 $1 $44) 10. Rb1 Nc6 11. Bb5 $8 a5 12. bxa5 O-O 13. Ba3
Rd8 14. Bc5 Nd7 15. Rb3 $13 {Yusupov,A-Miles,A/London USSR-World 1984}) 6...
Nc6 (6... cxd4 $2 7. exd4 $14 {[%csl Yc1,Yd2,Ye3,Yf4,Yg5,Yh6]} Nc6 8. O-O Be7
9. Ne5 $1 Nxe5 $6 (9... Qc7 10. f4 b6 $14) 10. dxe5 Nd7 11. Qg4 $1 g6 12. Re1
$16 {Jussupow,A-Short,N/Dortmund 1997/CBM 60}) (6... Bd6 7. O-O Nbd7 8. Bb2 Qc7
9. Nbd2 O-O 10. c4 cxd4 11. exd4 dxc4 12. bxc4 b6 13. Qe2 $14 {Cramling,
P-Petursson,M/Hastings 1985/EXT 99}) 7. O-O Be7 (7... Qc7 8. Bb2 (8. c4 dxc4 9.
bxc4 Be7 10. Bb2 cxd4 11. exd4 O-O 12. Nbd2 b6 13. Rc1 Bb7 $132 {Kovacevic,
V-Popovic,P/Zagreb 1985/MCL}) 8... cxd4 9. exd4 Be7 10. Nbd2 O-O 11. Qe2 b6 12.
Ne5 Nxe5 13. dxe5 Nd7 14. c4 Nc5 15. cxd5 exd5 16. Rac1 $14 {Hoi,C-Inkiov,V/
Gausdal 1990/TD}) 8. Bb2 O-O 9. Nbd2 Rd8 $6 (9... Qc7 $5 10. c4 Rd8 11. Rc1
cxd4 12. Nxd4 Nxd4 13. Bxd4 e5 14. cxd5 Qb8 $13 {McDonald,N-Piket,J/Groningen
1986/EXT 97}) 10. Qe2 Bd7 11. Ne5 $14 Be8 (11... Nxe5 $6 12. dxe5 Ne8 13. f4
$36 {[%cal Gf1f3,Gf3h3]}) 12. f4 {White has very comfortable position with
clear plan of attack on the kingside, while it's not so easy for black to come
up with reasonable plan and may be that's the reason why black blunders a
piece on such an early stage of the game.} cxd4 (12... Rac8 13. Rf3 (13. g4 $5)
13... b5 14. Rh3 g6 (14... b4 $2 15. Bxh7+ Nxh7 16. Qh5 $18 {[%csl Rg8]}) 15.
dxc5 Nxe5 16. fxe5 Nd7 17. b4 Qc7 18. Nf3 $16) 13. exd4 Ba3 $2 14. b4 $1 (14.
Ndc4 $5 dxc4 15. Nxc4 Bxb2 16. Nxa5 Bxc3 17. Nxc6 Bxc6 18. Rad1 $16) 14... Qa4
15. Bxa3 Qxa3 16. Nb1 $1 {Suddenly it turns out that black queen is trapped
and black has to give up a piece to set it free.} Qa4 17. Bc2 Qa6 18. b5 Nxd4
19. cxd4 Bxb5 20. Bd3 Bxd3 21. Qxd3 Qxd3 22. Nxd3 $16 {That's the end of
forced variation started with 13...Ba3?- white has a piece for two pawns and
it's very difficult for black to save this position.} Rac8 23. Nd2 Rc3 24. Nc5
$5 (24. Ne5 Rdc8 25. Nb3 Ne4 26. Rac1 f6 27. Nf3 $16) 24... b6 (24... Rc2 25.
Ncb3 $16 {[%cal Gf1c1]}) 25. Ncb3 a5 26. Rac1 Rd3 (26... Rdc8 27. Rxc3 Rxc3 28.
Rc1 Rxc1+ 29. Nxc1 $18 {[%cal Gg1f1,Gf1d3]}) 27. Rf3 Rxf3 28. Nxf3 Ne4 29. Rc6
$18 Rb8 30. Ne5 (30. Nbd2 $5) 30... a4 31. Nc1 b5 32. Ncd3 h5 (32... b4 33.
Nxb4 {[%csl Rg8]} g5 34. a3 gxf4 35. Ned3 $18) 33. Nb4 Rb7 34. Ned3 Rb8 35. Nc5
Nd2 36. Nca6 Re8 37. Rb6 Nb1 38. Kf2 $5 (38. Nc7 Rc8 39. Nxb5 Rc1+ 40. Kf2 Rc4
41. Nd6 Rxd4 42. Ke3 $18) 38... Na3 39. Nc7 Rc8 40. Nxb5 Nxb5 41. Rxb5 Rc4 42.
Ke3 {Not giving black a single counterchanse.} a3 43. g3 Kh7 44. Kd3 Rc1 45.
Ra5 Rh1 46. Rxa3 Rxh2 47. Rb3 Rg2 48. a4 Rxg3+ 49. Kc2 h4 50. a5 Rg2+ (50...
Rxb3 51. Kxb3 h3 52. Nd3 h2 53. Nf2 $18 {[%cal Ga5a8]}) 51. Kb1 Rg1+ 52. Kb2
Rg2+ 53. Nc2 g5 54. a6 1-0